Le malattie sessualmente trasmesse Piccolo manuale per saperne di più

Uloženo v:
Podrobná bibliografie
Korporativní autor: Provincia di Roma
Médium: Kniha
Jazyk:angličtina
Vydáno: Provincia di Roma
Tagy: Přidat tag
Žádné tagy, Buďte první, kdo vytvoří štítek k tomuto záznamu!

MARC

LEADER 00000nam a2200000 4500
005 20240626190951.0
008 240626b |||||||| |||| 00| 0 eng d
040 |c GP 
110 |a Provincia di Roma 
245 |a Le malattie sessualmente trasmesse  |b Piccolo manuale per saperne di più 
260 |b Provincia di Roma 
942 |2 ddc  |c BK  |n 0 
952 |0 0  |1 0  |2 ddc  |4 0  |6 616_000000000000000_PRO  |7 1  |9 1513  |a RM  |b RM  |d 2024-06-26  |l 0  |o 616 PRO  |p 240  |r 2024-06-26 19:10:15  |w 2024-06-26  |y BK 
999 |c 1331  |d 1331